000 00392nam a2200157Ia 4500
005 20240624062421.0
008 240331s9999 xx 000 0 und d
020 _a8177200429
082 _bFRE
_a894.811
100 _aFreeland, C
245 0 _aKalai kodpadu :
_bmika chrukkamana arimugam
260 _aputhanatham
_badaiyalam
_c2005
300 _a212 p.,
650 _aArt theory
942 _cL
999 _c3967
_d3967